|
|
|
|
| LEADER |
00698nam a2200229Ia 4500 |
| 008 |
241007s9999||||xx |||||||||||||| ||und|| |
| 040 |
|
|
|a BIBLIOTECA-RURC/ 330.97285 N793
|
| 041 |
|
|
|a spa
|
| 082 |
|
|
|a 330.97285 N793
|
| 100 |
1 |
|
|a Núñez Soto, Orlando
|
| 245 |
1 |
0 |
|a La Economía Popular Asociativa y Autogestionaria
|
| 250 |
|
|
|a 2a.ed.
|
| 260 |
|
|
|a Managua
|b CIPRES
|c 1996
|
| 300 |
|
|
|a 295 p. :il.
|
| 650 |
7 |
|
|a RUPTURA Y CONTINUIDAD HISTORICA DEL SANDINISMO
|
| 650 |
7 |
|
|b EL FIN DE LA HISTORIA DEL CAPITALISMO
|
| 650 |
7 |
|
|c LA CRISIS DEL SOCIALISMO
|
| 650 |
7 |
|
|d SURGIMIENTO DE LA ECONOMIA POPULAR
|
| 650 |
7 |
|
|e ASOCIATIVA Y AUTOGESTIONARIA
|
| 942 |
|
|
|c BK
|2 ddc
|
| 991 |
|
|
|a TEXTO
|
| 999 |
|
|
|c 14277
|